Geography Quiz

Random Geography or State Quiz

Largest US Cities Ending in 'S' Quiz Stats

 Plays Quiz Updated Apr 27, 2017

Challenge
Share
Tweet
Embed
Score 0/24 Timer 06:00
7 Plays Today
Population City % Correct
3,792,621Los Angeles
95.7%
1,197,816Dallas
86.9%
820,445Indianapolis
73.3%
382,578Minneapolis
73%
583,756Las Vegas
71.5%
343,829New Orleans
67.2%
787,033Columbus
65.6%
189,885Columbus
65.6%
319,294St. Louis
65.5%
646,889Memphis
62.7%
203,433Des Moines
51.2%
416,427Colorado Springs
42.4%
Population City % Correct
188,040Grand Rapids
32.7%
153,888Sioux Falls
29.1%
195,976Yonkers
24.1%
216,961North Las Vegas
21.7%
126,326Cedar Rapids
21.6%
180,719Newport News
16.6%
150,441Salinas
14%
143,986Fort Collins
13.6%
154,750Pembroke Pines
8.5%
129,699Sterling Heights
8.4%
121,096Coral Springs
7.9%
126,683Thousand Oaks
7.4%

You're not logged in!

Compare scores with friends on all Sporcle quizzes.
Join for Free
OR
Log In

You Might Also Like...

Show Comments

Extras

Top Quizzes Today


Score Distribution

Your Account Isn't Verified!

In order to create a playlist on Sporcle, you need to verify the email address you used during registration. Go to your Sporcle Settings to finish the process.

Report this User

Report this user for behavior that violates our Community Guidelines.

Details: